Spotreba pohonných látok - spôsoby uplatnenia v daňových výdavkoch
Všeobecne platí, že na účely dane z príjmov musia byť výdavky na spotrebované pohonné látky preukázateľne vynaložené na dosiahnutie, zabezpečenie a udržanie príjmov a musia byť zaúčtované v účtovníctve daňovníka alebo zaevidované v evidencii daňovníka.
Guardado en:
| Autor principal: | |
|---|---|
| Formato: | Capítulo de libro |
| Lenguaje: | eslovaco |
| Materias: | |
| Etiquetas: |
Sin Etiquetas, Sea el primero en etiquetar este registro!
|
MARC
| LEADER | 00000naa a2200000 4500 | ||
|---|---|---|---|
| 001 | 0297176 | ||
| 005 | 20240417075254.7 | ||
| 041 | 0 | |a slo | |
| 044 | |a SK | ||
| 245 | 1 | 0 | |a Spotreba pohonných látok - spôsoby uplatnenia v daňových výdavkoch |c Lucia Vanková |
| 520 | |a Všeobecne platí, že na účely dane z príjmov musia byť výdavky na spotrebované pohonné látky preukázateľne vynaložené na dosiahnutie, zabezpečenie a udržanie príjmov a musia byť zaúčtované v účtovníctve daňovníka alebo zaevidované v evidencii daňovníka. | ||
| 610 | 2 | 0 | |a výdavky daňové |
| 610 | 2 | 0 | |a dane z príjmov |
| 610 | 2 | 0 | |a daňovníci |
| 610 | 2 | 0 | |a vozidlá motorové |
| 610 | 2 | 0 | |a nafta |
| 610 | 2 | 0 | |a benzín |
| 610 | 2 | 0 | |a spotreba |
| 610 | 2 | 0 | |a podnikanie |
| 610 | 2 | 0 | |a zákony |
| 100 | 1 | |a Vanková, Lucia | |